"Nacer de nuevo" para una ecología integral (Record no. 854050)

000 -CABECERA
Campo de control de longitud fija 00478nab a2200145 4500
003 - IDENTIFICADOR DEL NÚMERO DE CONTROL
Campo de control ES-SlBCS
005 - FECHA Y HORA DE LA ÚLTIMA TRANSACCIÓN
Campo de control 20220203142251.0
008 - CÓDIGOS DE INFORMACIÓN DE LONGITUD FIJA
Campo de control de longitud fija 151006s2015 sp ||||| |||| 00| 0 spa d
040 ## - FUENTE DE LA CATALOGACIÓN
Centro catalogador del origen ES-SlBCS
Lengua de catalogación spa
100 1# - PUNTO DE ACCESO PRINCIPAL-NOMBRE DE PERSONA
Nombre de persona Álvarez de los Mozos, Patxi
9 (RLIN) 70697
245 11 - MENCIÓN DE TÍTULO
Título "Nacer de nuevo" para una ecología integral
Mención de responsabilidad, etc. Patxi Álvarez de los Mozos, S.J.
650 04 - PUNTO DE ACCESO ADICIONAL DE MATERIA-TÉRMINO DE MATERIA
Término de materia o nombre geográfico como elemento inicial Ecología
9 (RLIN) 15891
773 0# - ENLACE AL DOCUMENTO FUENTE
Parte(s) relacionada(s) Vol. 87, Nº 345, 2015, págs. 339-349
Título Manresa
Número de control del registro relacionado Rev265
Número Internacional Normalizado para Publicaciones Seriadas (ISSN) 0214-2457
942 ## - ENTRADA DE ELEMENTOS AGREGADOS (KOHA)
Fuente de clasificaión o esquema
Koha [por defecto] tipo de item Artículos de revista
Holdings
Suprimido Perdido Fuente de clasificación o esquema Estropeado No para préstamo Localización permanente Localización actual Localización en estantería Fecha adquisición Préstamos totales Fecha última consulta Fecha del precio de reemplazo Tipo de item de Koha
          San Esteban San Esteban Depósito de revistas 06/10/2015   06/10/2015 06/10/2015 Artículos de revista

Bibliotecas Dominicos Provincia Hispania, 2016

Con tecnología Koha